[Event "Stay Safe Play From Home 172"]
[Site "T#646326Emanuel Laske"]
[Date "2020.05.25"]
[Round "4"]
[White "The Next Contender"]
[Black "Weltszmerc"]
[Result "1-0"]
[WhiteElo "1944"]
[BlackElo "2014"]
[Annotator "TA"]
[PlyCount "57"]
[EventDate "2020.05.25"]
[EventType "swiss (blitz)"]

{[%evp 11,57,4,6,0,-8,-14,44,43,52,-94,11,0,39,-177,-191,-154,-22,-227,-252,-582,-572,-561,-550,-543,-537,-518,-528,-1614,-593,-607,-581,-568,-560,-561,-558,-556,-543,-686,-685,-710,-697,-707,-694,-676,421,-697,-714,-652]} 1. d4 Nf6 2. c4 b6 3. g3 Bb7 4. Nf3 d5 5. Bg2 e6 6. O-O dxc4 7. Qc2 {[#] E16: Queen's Indian: 4 g3 Bb7 5 Bg2 Bb4+.} a6 $146 ({Predecessor:} 7... c5 8. Qxc4 cxd4 9. Qxd4 Qxd4 10. Nxd4 Bxg2 11. Kxg2 Bc5 12. Nb5 Na6 13. N1c3 O-O 14. a3 Rfd8 {1-0 (66) Frank,M (1174)-Jauschneg,T (1045) Mureck 2018}) 8. a4 c6 (8... c5 $11) 9. Bg5 {White is slightly better.} b5 10. Ne5 (10. Nbd2 $14) 10... Qb6 (10... Qxd4 $17 11. Bf4 Nd5) 11. Nd2 Qxd4 (11... Be7 {seems wilder.} 12. Rad1 h6 13. Ne4 hxg5 14. Nxg5 O-O) 12. axb5 $2 (12. Bf4 $14 {stays ahead.}) 12... Qxe5 $19 {[%mdl 64] [#] Double Attack} 13. Bxf6 Qxf6 ({Better is} 13... gxf6 $17 14. Nxc4 Qxb5) 14. Nxc4 $2 (14. bxc6 $1 $11 Bxc6 15. Bxc6+ Nxc6 16. Nxc4) 14... axb5 15. Nb6 $2 (15. Na5 {is tougher.} Qe7 16. Qc3) 15... Rxa1 16. Rxa1 {Now Ra7 and White clings on.} Qd4 17. Na8 Bc5 18. Nc7+ Ke7 19. b4 Qxf2+ 20. Kh1 Bd6 21. Nxb5 cxb5 {[%csl Gf2][%cal Rb7g2]} 22. Bxb7 Nd7 23. Bg2 {[#]} Qd4 $1 24. Rf1 Qxb4 25. Qc1 f6 26. Qe3 Qc5 27. Qd3 Qd5 $4 {[%mdl 8192]} (27... b4 $19 {avoids the disaster.} 28. Rb1 Ne5) 28. Rb1 $4 {[%mdl 8192]} (28. Bxd5 $18 exd5 29. Ra1) 28... Qxd3 29. exd3 {[%mdl 32768] Accuracy: White = 47%, Black = 30%. . Loss on time!?} 1-0

[Event "Stay Safe Play From Home 172"]
[Site "T#646326Emanuel Laske"]
[Date "2020.05.25"]
[Round "4"]
[White "Fischer_11"]
[Black "Trotsky"]
[Result "1-0"]
[WhiteElo "1887"]
[BlackElo "1534"]
[Annotator "NA"]
[PlyCount "47"]
[EventDate "2020.05.25"]
[EventType "swiss (blitz)"]

1. e4 {[%emt 0:00:01]} c5 {[%emt 0:00:02]} 2. d4 {[%emt 0:00:00]} e6 {[%emt 0:00:01]} 3. c3 {[%emt 0:00:00]} d5 {[%emt 0:00:01]} 4. exd5 {[%emt 0:00:01]} exd5 {[%emt 0:00:01]} 5. Be3 {[%emt 0:00:00]} c4 {[%emt 0:00:02]} 6. b3 {[%emt 0:00:00]} Be6 {[%emt 0:00:01]} 7. bxc4 {[%emt 0:00:01]} Nf6 {[%emt 0:00:01]} 8. Nf3 {[%emt 0:00:01]} Nc6 {[%emt 0:00:01]} 9. Nbd2 {[%emt 0:00:01]} Bd6 {[%emt 0:00:01]} 10. cxd5 {[%emt 0:00:00]} Bxd5 {[%emt 0:00:01]} 11. c4 {[%emt 0:00:00]} Be6 {[%emt 0:00:04]} 12. d5 {[%emt 0:00:01]} Nxd5 {[%emt 0:00:01]} 13. cxd5 {[%emt 0:00:01]} Bxd5 {[%emt 0:00:00]} 14. Bc4 {[%emt 0:00:01]} Be6 {[%emt 0:00:06]} 15. Bxe6 {[%emt 0:00:01]} fxe6 {[%emt 0:00:01]} 16. O-O {[%emt 0:00:03]} O-O {[%emt 0:00:02]} 17. Nc4 {[%emt 0:00:01]} Bc7 {[%emt 0:00:04]} 18. Qxd8 {[%emt 0:00:01]} Raxd8 {[%emt 0:00:02]} 19. Rfe1 {[%emt 0:00:00]} e5 {[%emt 0:00:03]} 20. Rac1 {[%emt 0:00:03]} Rf5 {[%emt 0:00:01]} 21. Red1 {[%emt 0:00:06]} Rdf8 {[%emt 0:00:01]} 22. Ncd2 {[%emt 0:00:03]} a6 {[%emt 0:00:02]} 23. Ne4 {[%emt 0:00:01]} Nb4 {[%emt 0:00:07]} 24. Rxc7 {[%emt 0:00:02] Trotsky Ñäàåòñÿ (Lag: Av=0.24s, max=0.6s)} 1-0

[Event "Stay Safe Play From Home 172"]
[Site "T#646326Emanuel Laske"]
[Date "2020.05.25"]
[Round "4"]
[White "Majstor-resa"]
[Black "Mepe_Nika"]
[Result "0-1"]
[WhiteElo "1675"]
[BlackElo "2234"]
[Annotator "TA"]
[PlyCount "66"]
[EventDate "2020.05.25"]
[EventType "swiss (blitz)"]

{[%evp 9,66,3,82,22,34,29,52,30,39,-33,31,4,32,0,3,-27,-43,-70,-9,-67,-13,-53,-18,-37,-27,-77,-29,-116,-11,-126,-110,-115,-118,-111,-116,-218,-226,-678,-247,-398,-240,-736,-727,-705,-664,-723,-505,-737,-499,-522,-495,-982,-427,-459,-458,-439,-424,-427,-408]} 1. d4 d5 2. Nf3 Nf6 3. Nc3 Bf5 4. Bg5 Ne4 5. Bh4 {[#]} Nd7 $146 (5... Nc6 $11 {keeps the balance.}) ({Predecessor:} 5... c5 6. dxc5 Nxc3 7. bxc3 Qa5 8. Qd2 e6 9. Nd4 Bxc5 10. Nxf5 exf5 11. e3 O-O 12. Be2 {1-0 (59) Fick,L (2325)-Kuiphof,H (2349) ICCF email 2009}) 6. e3 {D01: Veresov Opening.} ({Better is} 6. Nxd5 $16 c6 7. Ne3) 6... Nxc3 7. bxc3 c5 8. Bd3 $1 {[%cal Rd3f5] White is slightly better.} Bg6 9. Qd2 (9. Rb1 $14) 9... Qa5 (9... c4 $15 10. Bxg6 hxg6) 10. O-O e6 (10... c4 $5 {[%cal Rc4d3]} 11. Bxg6 hxg6 $11) 11. a4 Bd6 12. Bxg6 hxg6 13. Bg3 Qc7 (13... Bxg3 $15 14. hxg3 Nf6) 14. Qe2 (14. Bxd6 $11 Qxd6 15. Qe2) 14... O-O ({Black should play} 14... Bxg3 $15 15. fxg3 cxd4) 15. e4 dxe4 16. Qxe4 Nf6 17. Qh4 Rfd8 18. Rad1 (18. Be5 $11) 18... Rac8 (18... cxd4 $17 {...Bxg3 is the strong threat.} 19. Bxd6 Rxd6 20. Nxd4 Qc4) 19. dxc5 (19. Ng5 $11 {remains equal.}) 19... Bxg3 20. Rxd8+ Rxd8 21. hxg3 Qxc5 22. Re1 (22. Qb4 $17 Qxb4 23. cxb4) 22... Qxc3 $19 23. Re3 $2 (23. Qf4) 23... Qxc2 $2 (23... Rd1+ 24. Kh2 Qa1) 24. Kh2 $2 (24. Re1 {was the only chance.}) 24... Qb1 {[#] Strongly threatening ...Rd1.} 25. g4 $2 (25. Re1 Qc2 26. Kg1) 25... Rd1 {Threatens to win with ...Rh1+.Black is clearly winning.} 26. Kg3 Qb4 27. Ne5 Qd6 28. Kf3 Rd5 29. g5 Rxe5 30. gxf6 (30. Rxe5 $142 Qxe5 31. gxf6) 30... Rxe3+ (30... Qd5+ $142 31. Re4 Rh5 32. Qxh5 gxh5) 31. Kxe3 Qe5+ 32. Kf3 gxf6 33. Qc4 Kg7 {Accuracy: White = 20%, Black = 35%.} 0-1

[Event "Stay Safe Play From Home 172"]
[Site "T#646326Emanuel Laske"]
[Date "2020.05.25"]
[Round "4"]
[White "matanant"]
[Black "Castlingarrocco"]
[Result "1/2-1/2"]
[WhiteElo "1634"]
[BlackElo "2012"]
[Annotator "TA"]
[PlyCount "130"]
[EventDate "2020.05.25"]
[EventType "swiss (blitz)"]

{[%evp 9,130,27,24,11,15,15,35,15,38,5,37,27,30,26,30,-15,29,-38,-12,-15,6,8,355,-19,17,5,15,4,8,-10,-2,-8,-3,-1,8,0,19,15,72,72,72,77,74,69,69,69,77,77,77,77,91,8,505,61,50,0,7,0,0,-129,280,-1280,-125,-954,-948,-960,-957,-1006,-862,-821,0,-693,-627,-851,-812,-29993,-29994,-29994,-6018,-2115,-441,-350,0,-575,-69,-4710,-1025,-1183,-946,-29986,29974,29974,29984,29985,29985,29986,29988,29986,29987,29988,29989,29989,29991,29992,29992,29993,29993,29990,29990,29991,29995,29992,29994,29993,29993,29994,29994,29989,29989,29990,29992,29986,29986]} 1. b3 d5 2. Bb2 c6 3. e3 e6 4. f4 f5 5. Nf3 Nf6 6. Be2 {A01: Nimzowitsch-Larsen Opening.} Bd6 7. O-O {[#]} Qe7 $146 ({Predecessor:} 7... Nbd7 8. c4 Qc7 9. Ng5 Nf8 10. cxd5 exd5 11. Bxf6 gxf6 12. Bh5+ Ng6 13. Nf3 O-O {1-0 (48) Spiller,P (1908)-Kumar,V (1633) Tumon 2019}) 8. d4 {White is slightly better.} Nbd7 9. c4 Ne4 10. c5 Bc7 11. Nbd2 O-O 12. Bd3 Ndf6 13. Bxe4 (13. a4 $11) 13... fxe4 14. Ne5 Bxe5 15. fxe5 Ng4 $2 {[%mdl 8192]} (15... Nd7 $11) 16. Qe2 $2 (16. Rxf8+ $18 Qxf8 17. Qxg4) 16... Qh4 {[%csl Gg4][%cal Rh4h2]} 17. h3 Nh6 18. Rxf8+ Kxf8 19. Rf1+ Kg8 20. Rf4 $40 {[%mdl 128] White mounts an attack.} Qe7 21. Nf1 Bd7 22. Ng3 Re8 23. Qf2 g5 (23... Nf5 $11 {keeps the balance.}) 24. Rf6 $16 Nf5 25. Nxf5 exf5 26. Qg3 Qg7 27. h4 h6 28. hxg5 hxg5 29. Bc3 Re7 30. Rd6 ({Better is} 30. Bd2 $16) 30... Rf7 $2 {[%mdl 8192]} (30... Re6 $1 $11 {and Black has nothing to worry.}) 31. Be1 $2 (31. e6 $18 Bxe6 32. Rxe6) 31... f4 $14 32. exf4 gxf4 33. Qxg7+ Rxg7 {[%mdl 4096] Endgame KRB-KRB} 34. Bh4 (34. Kf1 $11 {remains equal.}) 34... Bh3 $2 {[%mdl 8192]} (34... f3 $17 35. g3 e3) 35. Bf6 $4 {[%mdl 8192]} (35. e6 $18 Bxe6 36. Rxe6) 35... Rg6 $2 (35... Rxg2+ $19 {and Black stays clearly on top.} 36. Kh1 f3 37. Rd8+ Kf7) 36. Kh1 $2 {[%mdl 8192]} (36. Kh2 $17 Bg4 37. Bh4) 36... Bxg2+ $19 37. Kh2 e3 38. Rd8+ Kf7 {Strongly threatening ...Bf3.} 39. Bh4 e2 $2 {[#]} (39... Rg4 $19 40. Be1 f3) 40. Be1 $2 {[%mdl 8192]} (40. e6+ $1 $11 {[%mdl 512]} Rxe6 (40... Kxe6 41. Rd6+) 41. Kxg2 e1=N+ 42. Bxe1 Rxe1 43. Rd7+ Ke6 44. Rxb7) 40... Be4 41. Rd7+ Ke8 42. Rxb7 Rh6+ 43. Kg1 f3 (43... Rh1+ $142 44. Kf2 Rh2+ 45. Kg1 Rg2+ 46. Kh1 Rf2+ 47. Kg1 Rf1+ {[%mdl 64] Double Attack} 48. Kh2 Rh1#) 44. Kf2 Rh3 (44... Rh1 $142 {( -> ...Rf1+)} 45. Rh7 Bxh7 46. Kxf3 Rxe1) 45. Ke3 Kd8 $2 (45... Rh1 $19 46. Kd2 Rf1 47. Rb8+ Kf7) 46. Bf2 $2 {[%mdl 8192]} (46. Rxa7 $11 {and White stays safe.} Rh1 47. Kd2) 46... Rh2 $2 (46... Rh1 $19 47. Rxa7 e1=Q+ 48. Bxe1 Rxe1+ 49. Kf2 Re2+ 50. Kf1 Bd3 $1 {[%mdl 512]}) 47. Rxa7 $2 {[%mdl 8192] [#]} (47. Be1 $15) 47... Rh1 (47... e1=Q+ $142 $1 {[%mdl 512]} 48. Bxe1 Re2+ {[%mdl 64] Double Attack} 49. Kf4 Rxe1) 48. Ra8+ Kd7 49. Rh8 Ke6 $4 {[%mdl 8192]} (49... Rxh8 {avoids the disaster.} 50. Kd2 Rh2 51. Bg3 {[#]} f2 $1 {[%mdl 512]} 52. Kxe2 Bd3+ $1 {[%mdl 512]} 53. Kd2 f1=Q+ 54. Bxh2 Qe2+ 55. Kc3 Qc2+ 56. Kb4 Qd2+ 57. Ka4 Bb5+ {[%mdl 64] Discovered Attack} 58. Ka3 Qxh2 59. e6+ Kxe6 60. b4 Qd2 61. Kb3 Bc4+ 62. Ka4 Qxa2#) 50. Rxh1 {Black is now going downhill.White mates.} Kf5 51. Rh6 Kg5 52. Rf6 Bc2 53. Rf8 e1=Q+ 54. Bxe1 Be4 55. Kf2 Kg4 56. e6 Bg6 57. e7 Kg5 58. e8=Q Bxe8 59. Rxe8 Kf4 60. Re6 Kg4 61. Rxc6 Kf4 62. Rd6 Ke4 {[#]} 63. Rxd5 $3 Kxd5 64. Kxf3 Kxd4 65. Ke2 Kxc5 {[%mdl 32768] Accuracy: White = 40%, Black = 36%. . An unexpected result.} 1/2-1/2

[Event "Stay Safe Play From Home 172"]
[Site "T#646326Emanuel Laske"]
[Date "2020.05.25"]
[Round "4"]
[White "UHU4"]
[Black "Haxhi Baha"]
[Result "0-1"]
[WhiteElo "1481"]
[BlackElo "1953"]
[Annotator "TA"]
[PlyCount "48"]
[EventDate "2020.05.25"]
[EventType "swiss (blitz)"]

{[%evp 9,48,2,28,34,33,17,33,-5,100,70,89,90,100,48,133,92,738,332,319,277,270,38,34,40,29,42,167,40,50,0,0,0,135,129,243,141,147,159,160,152,151]} 1. e4 e6 2. d4 d5 3. exd5 exd5 4. Bd3 Nf6 5. Nf3 c6 6. O-O {C01: French: Exchange Variation.} Be7 7. Nc3 O-O 8. Bg5 {[#] White is slightly better.} h5 $146 (8... Bg4 $11 {keeps the balance.}) ({Predecessor:} 8... Bg4 9. h3 Bh5 10. Re1 Nbd7 11. Re3 Re8 12. Qd2 h6 13. Bh4 Rc8 14. Rae1 Bxf3 15. Rxf3 {1-0 (26) Peter,N (1138)-Van Jaarsveld,H (813) Gauteng 2017}) 9. Qd2 Bg4 10. Ne5 Nbd7 11. f4 (11. Rae1 $16) 11... Re8 (11... c5 $1 $14) 12. Rae1 {[#] Strongly threatening h3.} b5 $2 {[%mdl 8192]} (12... Nxe5 $16 13. dxe5 Ne4 14. Nxe4 (14. Bxe4 dxe4 15. Qxd8 Raxd8 $14) 14... dxe4 15. Rxe4 Qb6+ 16. Kh1 Bf5) 13. h3 (13. Nxc6 $142 Qb6 14. Nxe7+ Rxe7 15. Rxe7 Qxd4+ 16. Qf2 Qxf2+ 17. Rxf2) 13... Nxe5 $18 14. fxe5 Ne4 15. Bxe4 $2 (15. Nxe4 dxe4 16. Be3 exd3 $16) (15. Bxe7 $18 Nxd2 16. Bxd8) 15... Bxg5 $14 16. Qf2 Be6 17. Bf5 b4 (17... Qe7 $14) 18. Ne2 (18. Bxe6 $18 fxe6 19. Qf7+ {[%mdl 64] Double Attack} Kh7 20. Qxh5+ Bh6 21. Na4) 18... Qd7 19. Ng3 h4 20. Bxe6 Qxe6 (20... fxe6 $11 21. Nh5 Rf8) 21. Nf5 $16 c5 (21... a5 $16 22. Nxh4 Bxh4 23. Qxh4 c5) 22. c3 ({Less strong is} 22. Nxh4 cxd4 23. Nf5 (23. Qxd4 Qb6 $14) 23... Be3 $14) (22. dxc5 $18 a5 23. Qd4 (23. Nxh4 Bxh4 24. Qxh4 Rac8 $14)) 22... bxc3 23. bxc3 {[%cal Bb2c3,Bc3d4][%mdl 32]} cxd4 24. cxd4 Rab8 {[%mdl 32768] Accuracy: White = 32%, Black = 38%. . Loss on time!?} 0-1

[Event "Stay Safe Play From Home 172"]
[Site "T#646326Emanuel Laske"]
[Date "2020.05.25"]
[Round "4"]
[White "Vilmos47"]
[Black "Greblah"]
[Result "0-1"]
[WhiteElo "977"]
[BlackElo "1839"]
[Annotator "NA"]
[PlyCount "44"]
[EventDate "2020.05.25"]
[EventType "swiss (blitz)"]

1. e4 {[%emt 0:00:01]} c6 {[%emt 0:00:00]} 2. d4 {[%emt 0:00:02]} d5 {[%emt 0:00:00]} 3. e5 {[%emt 0:00:01]} Bf5 {[%emt 0:00:01]} 4. Nf3 {[%emt 0:00:01]} e6 {[%emt 0:00:01]} 5. Be2 {[%emt 0:00:01]} h6 {[%emt 0:00:00]} 6. O-O {[%emt 0:00:01]} Ne7 {[%emt 0:00:01]} 7. c4 {[%emt 0:00:02]} Nd7 {[%emt 0:00:01]} 8. cxd5 {[%emt 0:00:01]} Nxd5 {[%emt 0:00:02]} 9. Nc3 {[%emt 0:00:01]} Be7 {[%emt 0:00:01]} 10. Nxd5 {[%emt 0:00:02]} cxd5 {[%emt 0:00:01]} 11. Bb5 {[%emt 0:00:01]} O-O {[%emt 0:00:01]} 12. Be3 {[%emt 0:00:03]} a6 {[%emt 0:00:01]} 13. Ba4 {[%emt 0:00:03]} b5 {[%emt 0:00:01]} 14. Bb3 {[%emt 0:00:01]} Nb6 {[%emt 0:00:01]} 15. a3 {[%emt 0:00:02]} Nc4 {[%emt 0:00:01]} 16. Rc1 {[%emt 0:00:04]} Rc8 {[%emt 0:00:02]} 17. Bxc4 {[%emt 0:00:02]} bxc4 {[%emt 0:00:01]} 18. Nd2 {[%emt 0:00:07]} Qb6 {[%emt 0:00:02]} 19. b4 {[%emt 0:00:11]} Bd3 {[%emt 0:00:03]} 20. Re1 {[%emt 0:00:03]} a5 {[%emt 0:00:00]} 21. bxa5 {[%emt 0:00:05]} Qxa5 {[%emt 0:00:01]} 22. Ra1 {[%emt 0:00:03]} Bxa3 {[%emt 0:00:02] Time (Lag: Av=0.40s, max=1.6s)} 0-1

[Event "Stay Safe Play From Home 172"]
[Site "T#646326Emanuel Laske"]
[Date "2020.05.25"]
[Round "5"]
[White "Indianquant"]
[Black "Praveen prasad"]
[Result "0-1"]
[WhiteElo "2250"]
[BlackElo "2267"]
[Annotator "TA"]
[PlyCount "78"]
[EventDate "2020.05.25"]
[EventType "swiss (blitz)"]

{[%evp 14,78,39,26,38,47,47,48,43,42,69,63,77,77,73,59,83,63,117,126,129,137,172,156,317,311,366,166,445,433,422,325,318,251,218,0,252,253,221,223,208,72,288,162,164,0,790,0,0,0,0,0,0,0,0,0,0,0,0,0,0,0,0,-5061,0,-29988,-29989]} 1. Nf3 d5 2. d4 c6 3. c4 Nf6 4. e3 a6 5. Nc3 Bg4 6. Be2 b5 7. b3 e6 8. O-O Bb4 {D15: Slav Defence: 4 Nc3 a6 and gambit lines after 4 Nc3 dxc4.} 9. Bb2 O-O 10. h3 Bxf3 {White is slightly better.} 11. Bxf3 {[#]} Bxc3 $146 ({Predecessor:} 11... Nbd7 12. Rc1 Qe7 13. Qe2 Rac8 14. Rc2 Ba3 15. Bxa3 Qxa3 16. Rfc1 bxc4 17. bxc4 Nb6 {1-0 (31) De Boer,G (2425)-Chervonenko,I (2150) Amsterdam 1995}) 12. Bxc3 Ne4 13. Bxe4 dxe4 14. f3 exf3 15. Qxf3 f5 (15... Qe7 $14) 16. e4 Ra7 17. exf5 exf5 18. Rae1 Rd7 $2 (18... Raf7 $16 19. Re6 f4) 19. Bb4 $18 Rff7 20. Bc5 (20. Re5 $142 Qc8 21. Rxf5) 20... a5 $2 (20... Qc8 21. Qe2 Rd8) 21. Re5 Qc8 22. Rfe1 Rd8 23. Bb6 Rdf8 {Black wants to play ...Nd7.} 24. Bc5 $2 ({Better is} 24. Re6 $18) 24... Nd7 $2 {[%mdl 8192]} (24... Rd8 $1 $11 {and Black stays safe.}) 25. Bxf8 {Hoping for Re8.} Nxe5 26. dxe5 Rxf8 {[%mdl 4096] Endgame KQR-KQR} 27. e6 (27. cxb5 $18 {is the precise move to win.} cxb5 28. Qd5+ Rf7 29. e6 (29. Qxb5 Qc3 $16)) 27... Rf6 $2 (27... bxc4 $16 {was necessary.} 28. Qf4 (28. bxc4 g6 $16) 28... Re8) 28. e7 (28. Qe2 $142 Rf8 29. cxb5 cxb5 30. Qxb5) 28... Re6 {[#]} 29. Re3 $2 (29. Rxe6 $1 $18 Qxe6 30. cxb5) 29... g6 $2 {[%mdl 8192]} (29... Rxe3 $11 30. Qxe3 Kf7) 30. Kh1 $2 (30. Qd1 $18 {Strongly threatening Qd8+.} Rxe3 31. Qd8+ Qxd8 32. exd8=Q+ Kf7 33. Qc7+ Kg8 34. Qd8+ Kf7 35. Qd7+ Re7 36. Qxc6 bxc4 37. Qxc4+ Re6 38. Qc7+ Kf6 39. Qxa5) 30... Kf7 $11 31. Qf4 Rxe7 (31... Rxe3 {seems wilder.} 32. Qxe3 bxc4 33. bxc4 Qd7 34. e8=R Qxe8 35. Qa7+ Kf6) 32. Rxe7+ Kxe7 {KQ-KQ} 33. Qe5+ Kf7 34. cxb5 cxb5 35. Qxb5 Qc1+ 36. Kh2 Qc7+ 37. Kh1 Kg7 38. Qc4 $2 {[%mdl 8192]} (38. Qa4 $11) 38... Qe5 $2 ({Black should try} 38... Qxc4 $19 39. bxc4 Kf6) 39. Qc7+ $2 {[%mdl 8192] [#]} (39. Qd3 $11) 39... Qxc7 {Never resign too early! Accuracy: White = 49%, Black = 52%.} 0-1

[Event "Stay Safe Play From Home 172"]
[Site "T#646326Emanuel Laske"]
[Date "2020.05.25"]
[Round "5"]
[White "Mepe_Nika"]
[Black "SoulofWolf"]
[Result "1-0"]
[WhiteElo "2236"]
[BlackElo "2243"]
[Annotator "TA"]
[PlyCount "49"]
[EventDate "2020.05.25"]
[EventType "swiss (blitz)"]

{[%evp 11,49,0,26,18,20,6,22,-14,20,8,2,0,54,45,64,13,126,110,850,835,860,870,850,832,852,795,1102,1079,2497,2431,29991,29992,29994,2588,29996,29997,29997,29998,29998,29999]} 1. d4 c5 2. c3 e6 3. Bf4 Nf6 4. e3 d5 5. Nf3 Nc6 6. Nbd2 b6 7. Bd3 {D02: 1 d4 d5 2 Nf3 sidelines, including 2...Nf6 3 g3 and 2...Nf6 3 Bf4.} Bb7 8. Qe2 Bd6 9. Bg3 {The position is equal.} Qc7 10. Rd1 O-O 11. e4 {[#] Strongly threatening e5.} dxe4 (11... Nd7 $11) 12. Nxe4 $14 Nxe4 13. Bxe4 {[#]} (13. Qxe4 $14 g6 14. dxc5 bxc5 15. Bxd6 Qxd6 16. Ba6) 13... g6 $146 (13... cxd4 $11 {keeps the balance.} 14. Bxd6 (14. cxd4 Rac8 $11) (14. Nxd4 Nxd4 15. Rxd4 e5 $11) 14... Qxd6) ({Predecessor:} 13... cxd4 14. Nxd4 Bxg3 15. hxg3 h6 16. Nb5 Qe7 17. Nd6 Rad8 18. Nxb7 Qxb7 19. O-O Qc8 20. Bd3 g6 21. Ba6 Qb8 22. Qe4 Ne7 23. g4 Nd5 24. Bc4 Nf6 25. Qf3 {½-½ (25) Pajeken,J (2314)-Piyumantha,M (2167) Konya 2018}) 14. dxc5 bxc5 $2 {[%mdl 8192] Loses the game.} (14... Bxg3 $16 15. hxg3 Rfd8) 15. Bxd6 $18 Qb6 16. Bxf8 Rxf8 17. h4 Ba6 18. Bd3 Bb7 19. h5 e5 20. hxg6 fxg6 21. Bc4+ Kg7 22. Nxe5 (22. Rd7+ $142 Rf7 23. Rxf7+ Kg8 24. Rhxh7 Ne7 25. Qxe5 Qf6 26. Qxf6 Bxf3 27. Rh8#) 22... Nxe5 23. Qxe5+ {White mates.} Qf6 24. Rd7+ {[%mdl 64] [#] Double Attack} Rf7 25. Rxf7+ {[%mdl 64] Pin. Accuracy: White = 76%, Black = 38%.} 1-0

[Event "Stay Safe Play From Home 172"]
[Site "T#646326Emanuel Laske"]
[Date "2020.05.25"]
[Round "5"]
[White "Lazieri3"]
[Black "Lamborghini"]
[Result "1-0"]
[WhiteElo "2134"]
[BlackElo "2201"]
[Annotator "TA"]
[PlyCount "85"]
[EventDate "2020.05.25"]
[EventType "swiss (blitz)"]

{[%evp 9,84,-22,-20,-42,-39,-53,-53,-64,-38,-55,-33,-58,-57,-67,-59,-69,-58,-68,-54,-64,-61,-125,-120,-153,-95,-155,-85,-104,-101,-102,-101,-135,-86,-225,-219,-216,-12,-30,115,110,142,144,148,151,196,181,286,279,293,233,304,271,263,254,266,271,307,291,413,416,1231,1206,1108,1099,5319,962,10263,7786,29989,29990,29996,29997,29998,29997,29998,29999,29999]} 1. e4 c5 2. Nc3 d6 3. d3 Nc6 4. Nf3 e5 5. Bg5 Be7 6. Bxe7 {B50: Sicilian: 2...d6, Miscellaneous.} Ngxe7 {[#]} 7. g3 $146 ({Predecessor:} 7. Nd5 Nxd5 8. exd5 Nb4 9. c3 Nxd5 10. d4 cxd4 11. cxd4 Qa5+ 12. Qd2 Qxd2+ 13. Kxd2 {0-1 (29) Lepidakis,A (1005)-Pappas,K (2103) Heraklion 2005}) 7... O-O 8. Bg2 {Black is slightly better.} Be6 9. O-O f6 10. Ne2 Qd7 11. c3 d5 12. exd5 Nxd5 13. d4 cxd4 14. cxd4 e4 15. Nd2 ({White should try} 15. Ne1 $1 $15) 15... f5 $17 16. Nc4 {[#]} Rad8 (16... Nf4 $142 $1 {[%cal Rf4e2][%mdl 512]} 17. Nxf4 Bxc4) 17. Qd2 {[#]} ({White should play} 17. Ne3) 17... Rfe8 (17... Nf4 $142 $1 {[%mdl 512] Threatens to win with ...Nxe2+.} 18. Nxf4 (18. Qxf4 Bxc4) 18... Bxc4) 18. Rfd1 h6 19. b3 Bf7 20. Rac1 Qe6 21. Nf4 (21. Ne3 $17 {might work better.}) 21... Nxf4 $19 22. Qxf4 Ne7 $2 ({Much less strong is} 22... Rxd4 23. Ne3 $17) ({Better is} 22... Nxd4 $19 {White must now prevent ...Ne2+.} 23. Qe3 Qf6) 23. Ne3 Nd5 (23... Bh5 $11 24. Re1 Rxd4) 24. Qxf5 $16 {White now steadily converts the win.} Nxe3 25. Qxe6 Bxe6 26. fxe3 Bg4 27. Rf1 Bh5 (27... g5 $142 28. Rc7 Rd7) 28. Rc7 $18 Rb8 29. Rf4 Bg6 30. Rg4 Kh7 31. h4 {Hoping for h5!} h5 32. Rg5 Kh6 33. d5 Rbd8 (33... Red8 $142 34. Re5 Rd6) 34. Rxb7 a5 (34... Rf8 $142 35. Rxa7 Rf6) 35. Rb6 Kh7 36. Rbxg6 Re7 37. Bh3 Rf8 {[#]} 38. d6 $1 Ra7 39. d7 {White mates.} Rf7 40. d8=Q Rad7 41. Bxd7 Rf6 42. Rxg7+ Kh6 43. Qh8# {Accuracy: White = 66%, Black = 36%.} 1-0

[Event "Stay Safe Play From Home 172"]
[Site "T#646326Emanuel Laske"]
[Date "2020.05.25"]
[Round "5"]
[White "Castlingarrocco"]
[Black "Fischer_11"]
[Result "1-0"]
[WhiteElo "1999"]
[BlackElo "1891"]
[Annotator "NA"]
[PlyCount "27"]
[EventDate "2020.05.25"]
[EventType "swiss (blitz)"]

1. d4 {[%emt 0:00:03]} e5 {[%emt 0:00:02]} 2. e3 {[%emt 0:00:00]} exd4 {[%emt 0:00:01]} 3. exd4 {[%emt 0:00:00]} d5 {[%emt 0:00:00]} 4. c3 {[%emt 0:00:00]} c6 {[%emt 0:00:01]} 5. f4 {[%emt 0:00:00]} Bg4 {[%emt 0:00:00]} 6. Qxg4 {[%emt 0:00:02]} Nf6 {[%emt 0:00:00]} 7. Qd1 {[%emt 0:00:00]} Bd6 {[%emt 0:00:01]} 8. Nf3 {[%emt 0:00:00]} O-O {[%emt 0:00:00]} 9. Bd3 {[%emt 0:00:01]} Re8+ {[%emt 0:00:00]} 10. Ne5 {[%emt 0:00:01]} Ne4 {[%emt 0:00:02]} 11. Bxe4 {[%emt 0:00:01]} dxe4 {[%emt 0:00:00]} 12. Qe2 {[%emt 0:00:01]} f6 {[%emt 0:00:01]} 13. Qc4+ {[%emt 0:00:01]} Kh8 {[%emt 0:00:02]} 14. Nf7+ {[%emt 0:00:01] Fischer_11 gibt auf (Lag: Av=0.31s, max=0.8s)} 1-0